Регионална библиотека "Любен Каравелов" - Русе

Секретните доклади на Сол Полански за 10 Ноември (Запис номер 347452)

MARC детайли
000 -Лидер
Контролно поле с фиксирана дължина 01741nam a2200421 c 4500
003 - Код на организацията, давaща контролен номер
Контролно поле BLK
005 - Дата и час на последна редакция
Контролно поле 20250127100309.0
008 - Елементи от данни с фиксирана дължина
fixed length control field 180408b bul|||||r ||||||| ||bul||
010 ## - Наследен системен номер
LC control number KNG00059630000
020 ## - Международен стандартен номер на книга ISBN
Международен стандартен номер на книга ISBN 9789543986194
040 ## - Източник на каталожния запис
Идентификатор на билиотеката - собственик на записа BLK
041 ## - Код за език
Код за езика на текст/звукозапис или на отделно заглавие Български
Код за езика КДБФ Български
080 ## - УДК
Текстов определител УДК Вътрешна политика. Вж и 329
УДК код - определител по УДК 323
УДК определител (497.2)"1989"
УДК - код + определител 323(497.2)"1989"
100 1# - Редна дума - Автор
Автор Димитрова, Алексения
Авторска отговорност първи автор
R(LIN) 286349
139 ## - Редно поле
Редна дума Димитрова, Алексения
Авторски знак Дими - Д 58
245 10 - Сведения за заглавието
Заглавие Секретните доклади на Сол Полански за 10 Ноември
Подзаглавни данни Какво пише в рапортите на американския посланик в София за падането а Тодор Живков през 1989 г.
Редно поле (дума) Алексения Димитрова.
257 ## - Страна на издаване
Страна на създаване/издаване България
260 ## - Област на издателските данни
Име на издателя, разпространителя и проч. Труд
Година на издаване 2019
9 (RLIN) 209481
Място на издаване, разпространение и проч. София
Издателство - префикс ISBN 978-954-398- ; 978-954-528-
300 ## - Физическа характеристика
Страници 384 с.
Илюстрации и др. с ил., факс.
Размери/Мащаб 21 см
380 ## - Жанр
Жанр Обществени науки
500 ## - Общи забележки
Забележка Пълното име на авт. е Алексения Димитрова Куртева. -
650 #7 - Допълнително описание по предмет – тема
Основно описание – тема или топоним България - вътрешна политика - история
Източник на редна или ключова дума
9 (RLIN) 149499
650 #0 - Допълнително описание по предмет – тема
Основно описание – тема или топоним Разузнаване - САЩ
9 (RLIN) 256640
653 ## - Ключова дума – ненормативна
Ключова дума архивни фондове
653 #7 - Ключова дума – ненормативна
Ключова дума 10 ноември 1989
9 (RLIN) 179856
653 #7 - Ключова дума – ненормативна
Ключова дума Тодор Живков
9 (RLIN) 198400
653 ## - Ключова дума – ненормативна
Ключова дума България
653 ## - Ключова дума – ненормативна
Ключова дума САЩ
852 ## - Местоположение
Фондова буква Заемна - подръчен фонд
Систематично-азбучна сигнатура П 323(497.2)/Д 58
856 4# - Електронен адрес и достъп
Електронен формат pdf - файл
856 4# - Електронен адрес и достъп
Електронен формат pdf - файл
999 ## - СИСТЕМНИ КОНТРОЛНИ НОМЕРА
Koha biblionumber 347452
Koha biblioitemnumber 347452
942 ## - АРТИКУЛИ
Вид на библиотечния материал Книги
Скрит в OPAC Не
Koha issues (borrowed), all copies 7
Периодичен библиозапис Да
944 ## - СЪЗДАВАНЕ И РЕДАКЦИЯ на ЗАПИСА
Създаване/Редакция Създаване
Дата на регистрацията/редакция 2019-12-30
Служител, извършил регистрацията/редакцията 30560
Статус, дата на статуса Геновева Генчева
944 ## - СЪЗДАВАНЕ И РЕДАКЦИЯ на ЗАПИСА
Създаване/Редакция Редакция
Дата на регистрацията/редакция 2019-12-30
999 ## - СИСТЕМНИ КОНТРОЛНИ НОМЕРА
Koha biblioitemnumber 347452
999 ## - СИСТЕМНИ КОНТРОЛНИ НОМЕРА
Koha biblioitemnumber 347452
999 ## - СИСТЕМНИ КОНТРОЛНИ НОМЕРА
Koha biblioitemnumber 55658
Наличности
Код за отписване Код за изгубен артикул Източник на класификационната схема Код за повреда Коз за рестрикции Код за отдаване Артикулен № Име на библиотеката - собственик Име на библиотеката, в която се намира в момента Статус (Текущо местоположение) Дата на вписване в системата Местоположение - отдел Цена в лева Систематично азбучна сигнатура Баркод Цена в евро Служебен тип на артикула
  Не е изгубен Universal Decimal Classification Не е повреден без рестрикции заемане за дома 753859 Регионална библиотека "Любен Каравелов" Русе Регионална библиотека "Любен Каравелов" Русе Заемна - подръчен фонд 2020-01-13 Заемна - подръчен фонд 10.39 П 323(497.2)/Д 58 120000840876 5.31 Книги
  Не е изгубен Universal Decimal Classification Не е повреден само за читалня ползва се в читалня 780352 Регионална библиотека "Любен Каравелов" Русе Регионална библиотека "Любен Каравелов" Русе Хранилище 2020-07-03 Хранилище 12.99 Цб 300625 120000844730 6.64 Книги
Vip Innovations Ltd, Rousse, Bulgaria 2025